MORGAN'S INTRODUCTION TO PSYCHOLOGY (Record no. 26863)

MARC details
000 -LEADER
fixed length control field 00420nam a22001697a 4500
003 - CONTROL NUMBER IDENTIFIER
control field SGT
020 ## - INTERNATIONAL STANDARD BOOK NUMBER
International Standard Book Number 9789387465947
082 ## - DEWEY DECIMAL CLASSIFICATION NUMBER
Classification number 150
Item number M24M
100 ## - MAIN ENTRY--PERSONAL NAME
Personal name MORGAN, CLIFFORD T.
245 ## - TITLE STATEMENT
Title MORGAN'S INTRODUCTION TO PSYCHOLOGY
250 ## - EDITION STATEMENT
Edition statement 8TH
260 ## - PUBLICATION, DISTRIBUTION, ETC. (IMPRINT)
Place of publication, distribution, etc INDIA
Name of publisher, distributor, etc MED TECH SCIENCE PUB
Year of Publication 2024
300 ## - PAGE DESCRIPTION
No. of Pages 724
650 ## - SUBJECT ADDED ENTRY--TOPICAL TERM
Topical term or geographic name as entry element CLINICAL PSYCHOLOGY
653 ## - KEYWORDS--INDEX TERM
Keyword term MORGAN'S INTRODUCTION TO PSYCHOLOGY
942 ## - ADDED ENTRY ELEMENTS (KOHA)
Source of classification or shelving scheme Dewey Decimal Classification
Koha item type Books
Holdings
Withdrawn status Lost status Source of classification or shelving scheme Damaged status Not for loan Collection code Home library Current library Shelving location Date acquired Vendor Name Cost, normal purchase price SGTU Bill Number Full call number Accession No. (Barcode) Date last seen Bill Date Koha item type Total Checkouts
    Dewey Decimal Classification   Not For Loan MEDICAL SGT Medical Library SGT Medical Library Reference Book 30/08/2024 SAVERA BOOK DISTRIBUTORS 995.00 SGTU 24-24/CRB/186 150 M24M FM14503 30/08/2024 25/06/2024 Books  
    Dewey Decimal Classification     MEDICAL SGT Medical Library SGT Medical Library Text Book 30/08/2024 SAVERA BOOK DISTRIBUTORS 995.00 SGTU 24-24/CRB/186 150 M24M FM14504 30/08/2024 25/06/2024 Books  
    Dewey Decimal Classification     MEDICAL SGT Medical Library SGT Medical Library Text Book 30/08/2024 SAVERA BOOK DISTRIBUTORS 995.00 SGTU 24-24/CRB/186 150 M24M FM14505 30/08/2024 25/06/2024 Books  
    Dewey Decimal Classification     MEDICAL SGT Medical Library SGT Medical Library Text Book 30/08/2024 SAVERA BOOK DISTRIBUTORS 995.00 SGTU 24-24/CRB/186 150 M24M FM14506 30/08/2024 25/06/2024 Books  
    Dewey Decimal Classification     MEDICAL SGT Medical Library SGT Medical Library Text Book 30/08/2024 SAVERA BOOK DISTRIBUTORS 995.00 SGTU 24-24/CRB/186 150 M24M FM14507 30/08/2024 25/06/2024 Books